Probability and random processes with applications to signal processing / (Record no. 208641)
[ view plain ]
| 000 -LEADER | |
|---|---|
| fixed length control field | 01130 a2200253 4500 |
| 003 - CONTROL NUMBER IDENTIFIER | |
| control field | Nust |
| 005 - DATE AND TIME OF LATEST TRANSACTION | |
| control field | 20221129135540.0 |
| 010 ## - LIBRARY OF CONGRESS CONTROL NUMBER | |
| LC control number | 2001021253 |
| 020 ## - INTERNATIONAL STANDARD BOOK NUMBER | |
| International Standard Book Number | 0130200719 |
| 040 ## - CATALOGING SOURCE | |
| Transcribing agency | Nust |
| 082 ## - DEWEY DECIMAL CLASSIFICATION NUMBER | |
| Classification number | 519.2, STA |
| 100 1# - MAIN ENTRY--PERSONAL NAME | |
| Personal name | Stark, Henry |
| 9 (RLIN) | 65918 |
| 245 10 - TITLE STATEMENT | |
| Title | Probability and random processes with applications to signal processing / |
| Statement of responsibility, etc. | Henry Stark and John W. Woods. |
| 250 ## - EDITION STATEMENT | |
| Edition statement | 3rd ed. |
| 260 ## - PUBLICATION, DISTRIBUTION, ETC. | |
| Place of publication, distribution, etc. | Upper Saddle River, N.J. : |
| Name of publisher, distributor, etc. | Prentice Hall, |
| Date of publication, distribution, etc. | c2002. |
| 300 ## - PHYSICAL DESCRIPTION | |
| Extent | xv, 689 p. : |
| Other physical details | ill. ; |
| Dimensions | 24 cm. |
| 505 ## - FORMATTED CONTENTS NOTE | |
| Formatted contents note | Introduction to Probability (Page-1), Random Variables (Page-58), Functions of Research Variables (Page-115), Expectation and Introduction to Estimation (Page-169), Random Vectors and Parameter Estimation (Page-244), Random Sequences (Page-304), Random Process (Page-401), Advanced Topics in Random Processes (Page-487), Applications to Statistical Processing (Page-552). |
| 650 #0 - SUBJECT ADDED ENTRY--TOPICAL TERM | |
| Topical term or geographic name entry element | Probabilities. |
| 650 #0 - SUBJECT ADDED ENTRY--TOPICAL TERM | |
| Topical term or geographic name entry element | Signal processing |
| General subdivision | Mathematics. |
| 9 (RLIN) | 94002 |
| 650 #0 - SUBJECT ADDED ENTRY--TOPICAL TERM | |
| Topical term or geographic name entry element | Stochastic processes. |
| 700 1# - ADDED ENTRY--PERSONAL NAME | |
| Personal name | Stark, Henry, |
| Dates associated with a name | 1938- |
| 9 (RLIN) | 103775 |
| 700 1# - ADDED ENTRY--PERSONAL NAME | |
| Personal name | Woods, John W. |
| Dates associated with a name | 1943- |
| 9 (RLIN) | 103776 |
| 942 ## - ADDED ENTRY ELEMENTS (KOHA) | |
| Source of classification or shelving scheme | |
| Koha item type | Book |
| Withdrawn status | Lost status | Source of classification or shelving scheme | Damaged status | Not for loan | Permanent Location | Current Location | Shelving location | Date acquired | Full call number | Barcode | Date last seen | Price effective from | Koha item type | Public note |
|---|---|---|---|---|---|---|---|---|---|---|---|---|---|---|
| Military College of Signals (MCS) | Military College of Signals (MCS) | General Stacks | 12/12/2016 | 519.2, STA | MCS37053 | 12/08/2016 | 12/12/2016 | Book | Almirah No.14, Shelf No.3 |
